000 00636nam a2200205Ii 4500
003 JO-AjNU
008 230605s9999||||xx |||||||||||||| ||und||
017 _a2005/8/1883
040 _aJO-AjNU
_bara
_erda
_cJO-AjNU
041 _aara
050 1 4 _aPJ7850.U508.A91 2005
100 3 _aتأليف المومني، عمر,
_eauthor
_949314
245 0 0 _aأشيائي تحترق: وقصص أخرى
264 3 1 _aعمان:دار الكندي،2005
300 _a91ص
336 _atext
_btxt
_2rdacontent
337 _aunmediated
_bn
_2rdamedia
338 _avolume
_bnc
_2rdacarrier
650 4 _aالأدب العربي - قصص
_949315
999 _aA21652
_c25220
_d25220